Current trends in the UK property market for pubs, bars and restaurants (Record no. 73089)
[ view plain ]
| 000 -LEADER | |
|---|---|
| fixed length control field | 01840cam a2200337 4500 |
| 001 - CONTROL NUMBER | |
| control field | ABS66919 |
| 008 - FIXED-LENGTH DATA ELEMENTS--GENERAL INFORMATION | |
| fixed length control field | 030722n2003 000 0 eng u |
| 035 ## - SYSTEM CONTROL NUMBER | |
| System control number | (Sirsi) u123083 |
| 100 ## - MAIN ENTRY--PERSONAL NAME | |
| Personal name | Frost, C. |
| 245 ## - TITLE STATEMENT | |
| Title | Current trends in the UK property market for pubs, bars and restaurants |
| 260 ## - PUBLICATION, DISTRIBUTION, ETC. | |
| Date of publication, distribution, etc. | 2003 |
| 490 ## - SERIES STATEMENT | |
| Series statement | Journal of Retail and Leisure Property |
| Volume/sequential designation | 3(1) 2003, 50-64(15) |
| 520 ## - SUMMARY, ETC. | |
| Summary, etc. | Explores issues connected with government plans to reform the land-use planning system, highlights some currently existing concerns and outlines some of the proposed changes. Focuses on the proposed reforms to the Use Classes Order (UCO) as they affect retail and food and drink outlets. Takes as a case study the City of Westminster, where changes in local planning policies aimed at resolving conflict between restaurant and pub operators and local residents have led instead to market distortion and conflict between operators, developers and the local authority. Concludes that reforms are welcome but a considered approach is needed to ensure that land-use planning is seen as only part of the measures required to ensure that conflict between city-centre users is minimised. Tables covering options 1-4 changes to use classes. Figures covering A3 appeals decisions. References. [Taken from journal abstract]. |
| 590 ## - LOCAL NOTE (RLIN) | |
| Local note | ABS |
| 650 ## - SUBJECT ADDED ENTRY--TOPICAL TERM | |
| Topical term or geographic name entry element | WESTMINSTER |
| 650 ## - SUBJECT ADDED ENTRY--TOPICAL TERM | |
| Topical term or geographic name entry element | PLANNING APPEALS |
| 650 ## - SUBJECT ADDED ENTRY--TOPICAL TERM | |
| Topical term or geographic name entry element | PLANNING GREEN PAPER |
| 650 ## - SUBJECT ADDED ENTRY--TOPICAL TERM | |
| Topical term or geographic name entry element | PUBS |
| 650 ## - SUBJECT ADDED ENTRY--TOPICAL TERM | |
| Topical term or geographic name entry element | RESTAURANTS |
| 650 ## - SUBJECT ADDED ENTRY--TOPICAL TERM | |
| Topical term or geographic name entry element | LAND USE PLANNING |
| 650 ## - SUBJECT ADDED ENTRY--TOPICAL TERM | |
| Topical term or geographic name entry element | UNITARY DEVELOPMENT PLANS |
| 650 ## - SUBJECT ADDED ENTRY--TOPICAL TERM | |
| Topical term or geographic name entry element | LICENSED PREMISES |
| 650 ## - SUBJECT ADDED ENTRY--TOPICAL TERM | |
| Topical term or geographic name entry element | TWIN TRACKING |
| 650 ## - SUBJECT ADDED ENTRY--TOPICAL TERM | |
| Topical term or geographic name entry element | LONDON |
| 650 ## - SUBJECT ADDED ENTRY--TOPICAL TERM | |
| Topical term or geographic name entry element | USE CLASS ORDER |
| 650 ## - SUBJECT ADDED ENTRY--TOPICAL TERM | |
| Topical term or geographic name entry element | BARS |
| 650 ## - SUBJECT ADDED ENTRY--TOPICAL TERM | |
| Topical term or geographic name entry element | TAKE AWAYS |
| 650 ## - SUBJECT ADDED ENTRY--TOPICAL TERM | |
| Topical term or geographic name entry element | PLANNING REFORM |
| 690 ## - LOCAL SUBJECT ADDED ENTRY--TOPICAL TERM (OCLC, RLIN) | |
| Topical term or geographic name as entry element | ENVIRONMENTAL AND LAND CONSULTANCY-PLANNING AND DEVELOPMENT |
| 942 ## - ADDED ENTRY ELEMENTS (KOHA) | |
| Suppress in OPAC | 0 |
| Withdrawn status | Lost status | Source of classification or shelving scheme | Damaged status | Not for loan | Home library | Current library | Shelving location | Date acquired | Total Checkouts | Full call number | Barcode | Date last seen | Copy number | Price effective from | Koha item type |
|---|---|---|---|---|---|---|---|---|---|---|---|---|---|---|---|
| Dewey Decimal Classification | London | London | Journal article | 22/07/2003 | ABS66919 | 123083-1001 | 06/08/2019 | 1 | 06/08/2019 | Journal article |